00488nam a2200109Ia 4500008004100000050002700041100003200068245014200100260008600242300002000328521003000348140724s9999 xx 000 0 und d aHF 5549.5b.As832 2014 aAsiatico, Robertino Lanz C. aFactors affecting the motivation of non-teaching personnel of Southville International School and Colleges /cRobertino Lanz C. Asiatico. aLas Piñas, Philippines :bSouthville International School and Colleges,cc2014. a76 p. :c28 cm. aHuman Resource Management